First United States Army. : Report of operations, 23 February-8 May 1945.

Bibliographic Details
Corporate Author: United States. Army. Army, 1st
Other Authors: Hodges, Courtney H., 1887-1966
Format: Book
Language:English
Published: [Washington] : [U.S. Govt. Print. Off], [1946]
Subjects:

MARC

Tag First Indicator Second Indicator Subfields
LEADER 00000cam a2200000 4500
001 in00001402029
005 20151020053017.0
008 910822s1946 dcuabc 000 0 eng d
035 |a (OCoLC)24269574 
035 |9 AHM6711AM 
040 |a RRR  |c RRR  |d TXA  |d UtOrBLW 
049 |a TXAM 
090 |a D769.26 1st  |b .A15r 1945 
110 1 |a United States.  |b Army.  |b Army, 1st. 
245 1 0 |a First United States Army. :  |b Report of operations, 23 February-8 May 1945. 
264 1 |a [Washington] :  |b [U.S. Govt. Print. Off],  |c [1946] 
300 |a 3 volumes :  |b illustrations, portraits, folded maps. ;  |c 34 cm. 
336 |a text  |b txt  |2 rdacontent 
337 |a unmediated  |b n  |2 rdamedia 
338 |a volume  |b nc  |2 rdacarrier 
500 |a Signed: Courtney H. Hodges, General, U.S. Army, commanding. 
500 |a Includes Annex 1-14. 
536 |a 2nd Cushing Library set is donated by the Alan Mathis Memorial History Collection. 
610 1 0 |a United States.  |b Army.  |b Army, 1st. 
650 0 |a World War, 1939-1945  |x Campaigns  |z Western Front. 
700 1 |a Hodges, Courtney H.,  |d 1887-1966. 
999 |a MARS 
999 f f |s dd7a4658-86c6-3852-a590-87a22d2ad45c  |i dcfe55ba-9d41-36e2-8465-9905e97fae42  |t 0 
952 f f |p noncirc  |a Texas A&M University  |b College Station  |c Cushing Memorial Library & Archives  |d Cushing: Ragan Military (Does not check out)  |t 0  |e UA27.3 1st .A483  |h Library of Congress classification  |i unmediated -- volume 
952 f f |p noncirc  |a Texas A&M University  |b College Station  |c Cushing Memorial Library & Archives  |d Cushing: Ragan Military (Does not check out)  |t 0  |e UA27.3 1st .A483  |h Library of Congress classification  |i unmediated -- volume 
998 f f |a UA27.3 1st .A483  |s v.1-3  |t 0  |l Cushing: Ragan Military (Does not check out) 
998 f f |a UA27.3 1st .A483  |s v.1-v.3  |t 0  |l Cushing: Ragan Military (Does not check out)